Daily Capital City Riddle #142 - Statistics

General Stats
  • This quiz has been taken 15 times
  • The average score is 29 of 35
Answer Stats
Type Answer % Correct
Alphabet Letter A
100%
Alphabet Letter C
100%
Alphabet Letter E
100%
Correctly Placed Letter N
100%
Found Letter N
100%
Alphabet Letter R
100%
Alphabet Letter B
92%
Alphabet Letter D
92%
Found Letter G
92%
Alphabet Letter H
92%
Found Letter I
92%
Alphabet Letter L
92%
Alphabet Letter M
92%
Found Letter O
92%
Alphabet Letter P
92%
Correctly Placed Letter S
92%
Found Letter S
92%
Found Letter T
92%
Alphabet Letter W
92%
Found Letter K
85%
Alphabet Letter Y
85%
Alphabet Letter J
77%
Alphabet Letter X
77%
Correctly Placed Letter I
69%
Correctly Placed Letter K
69%
Correctly Placed Letter T
69%
Alphabet Letter U
69%
Alphabet Letter F
62%
Correctly Placed Letter G
62%
Mystery Capital Kingston
62%
Correctly Placed Letter N
62%
Correctly Placed Letter O
62%
Alphabet Letter Q
62%
Alphabet Letter V
62%
Alphabet Letter Z
62%
No matching quizzes found
Score Distribution
Percent of People with Each Score
Percentile by Number Answered
Your Score History
You have not taken this quiz